000 01105nam a2200277Ia 4500
003 OSt
005 20221005105553.0
006 a|||||r|||| 00| 0
007 ta
008 221004b |||||||| |||| 00| 0 hin d
020 _a9788183618281 (hbk)
_cINR 250.00
024 _a34380
037 _bBR-3116, 15/09/2017, Rajkamal Prakashan Pvt. Ltd.
_cTextual
040 _aCRL
_cCRL
_bhin
041 _2hin
_ahin
082 _aO152,1NBHx, Q7
100 _aभटनागर, अनन्त, ले.
245 0 _aवह लड़की जो मोटरसाइकिल चलाती है
246 _aVah laड़kī jo moṭarasāikil chalātī hai
260 _aनई दिल्ली
_bराधाकृष्ण प्रकाशन भारत
_c2017
300 _a103पृ0
_ccm.
650 _a हिन्दी साहित्य
650 _aहिन्दी कविता
942 _hO152,1NBHx, Q7
_cTEXL
_2cc
999 _c1016198
_d1016198